00703nam a2200157Ia 4500008004100000100003400041245010000075245012800175260005300303260000900356300001200365650001500377856006100392999001900453952007300472170221s9999 xx 000 0 und d aGuldana Sarsenbaykyzy Shaumen aMotives for Choosing the Profession of a Social Care Teacher in the Universities of Kazakhstan  cGuldana Sarsenbaykyzy Shaumen, Kulbarshyn Meterbayevna Meterbayeva, Azamat Ametbekovich Baitasov, Gulnar Eletaevna Utyupova bInternational Review of Management and Marketing c2016 a15 : 21 xMarketing. uhttp://www.econjournals.com/index.php/irmm/issue/view/75 c312190d312190 001040aCLbCLd2017-02-21l0r2017-02-21 00:00:00w2017-02-21yFOJ